Online
Catalog

Manual : (Record no. 28693)

MARC details
000 -CABECERA
campo de control de longitud fija 00782nam a2200169 a 4500
001 - NÚMERO DE CONTROL
campo de control 000029201
005 - FECHA Y HORA DE LA ÚLTIMA TRANSACCIÓN
campo de control 20200930055407.0
008 - DATOS DE LONGITUD FIJA--INFORMACIÓN GENERAL
campo de control de longitud fija 110414s2007 dr 000 0 spa d
040 ## - FUENTE DE LA CATALOGACIÓN
Centro catalogador/agencia de origen DO-SdBNP
Lengua de catalogación spa
Centro/agencia transcriptor BNPHU
082 ## - NÚMERO DE LA CLASIFICACIÓN DECIMAL DEWEY
Número de clasificación xxxx
Número de documento/Ítem P438m
049 ## - FONDOS LOCALES (OCLC)
Fondos de biblioteca BNPD
100 1# - ENTRADA PRINCIPAL--NOMBRE DE PERSONA
Nombre de persona Pérez, Xiomarita
9 (RLIN) 458
245 10 - MENCIÓN DE TÍTULO
Título Manual :
Resto del título importancia del baile, testimonios, experiencias y vivencias /
Mención de responsabilidad, etc. Xiomarita Pérez.
260 ## - PUBLICACIÓN, DISTRIBUCIÓN, ETC.
Lugar de publicación, distribución, etc. Santo Domingo :
Nombre del editor, distribuidor, etc. Secretaría de Estado de Cultura
-- Dirección Nacional de Folklore (DINAFOLK),
Fecha de publicación, distribución, etc. 2007.
300 ## - DESCRIPCIÓN FÍSICA
Extensión 35 p. ;
Dimensiones 19 cm.
500 ## - NOTA GENERAL
Nota general Ponencia presentada por Xiomarita Pérez en el Primer Congreso Internacional Música, Identidad y Cultura en el Caribe,realizado del 8-10 de abril de2005 en el Centro León, Santiago de los Caballeros, República Dominicana
Holdings
Estado de retiro Estado de pérdida Restricciones de uso No para préstamo Código de colección Localización permanente Ubicación/localización actual Ubicación en estantería Fecha de adquisición Número de inventario Total de préstamos Signatura topográfica completa Código de barras Fecha visto por última vez Número de copia Precio válido a partir de Tipo de ítem Koha
  Extraviado     Dominicana de Servicio General General Extraviado 26.09.2011 LF1   xxxx P438m 29201-30 25.06.2020 e. 3 25.06.2020 Libro y Folleto Colección Dominicana de Servicio
      Excluido de préstamo Patrimonio Dominicano Patrimonio Dominicano Patrimonio Dominicano En catalogación 14.04.2011 LF1   xxxx P438m 29201-10 25.06.2020   25.06.2020 Libro y Folleto Colección Patrimonio Dominicano
      Excluido de préstamo Patrimonio Dominicano Patrimonio Dominicano Patrimonio Dominicano En catalogación 26.09.2011 LF1   xxxx P438m 29201-20 25.06.2020 e. 2 25.06.2020 Libro y Folleto Colección Patrimonio Dominicano

Powered by Koha